Keňa a Slovensko: podobná skúsenosť

Bibliographic Details
Main Author: Markuš, Marek, 1970- (Author)
Format: Article
Language:Slovak
PhysicalDescription:Fotogr.
ISSN:1336-5932
Subjects:

MARC

LEADER 00000nab a2200000 a 4500
001 vtls008410037
003 SK-MaSNL
005 20260426072048.0
008 140515c2005 xo wr|p|||||||000 b|slo
015 |a SNBRB2005/11  |2 snkbucl 
040 |a SNKBUCL  |b slo  |c SNKBUCL  |e AACR2 
041 0 |a slo 
044 |a xo  |c SK 
080 |a 32  |x (676.2)  |2 1997 
080 |a 332.02  |x (676.2)  |2 1997 
080 |a 339.96  |x (437.6:676.2)  |2 1997 
100 1 |a Markuš, Marek,  |d 1970-  |4 aut  |9 330762 
245 1 0 |a Keňa a Slovensko: podobná skúsenosť  |c Marek Markuš 
300 |b Fotogr. 
650 0 7 |a politika  |2 snkbucl  |9 968 
650 0 7 |a rozvojová pomoc  |2 snkbucl  |9 2353 
650 0 7 |a zmeny  |2 snkbucl  |9 474771 
650 0 7 |a projekty  |2 snkbucl  |9 18866 
650 0 7 |a skúsenosti  |2 snkbucl  |9 342765 
651 7 |a Slovensko  |2 snkbucl  |9 14231 
651 7 |a Keňa  |2 snkbucl  |9 56772 
773 0 |t Týždeň  |g Roč. II, č. 16 (2005), s.42-43  |x 1336-5932 
852 |a SNK  |b KIS3GCP 
958 |a KE 
958 |a SK 
999 |c 2684792  |d 2686722